Deserts / (Record no. 8801)

MARC details
000 -LEADER
fixed length control field 01050nam a22002537a 4500
001 - CONTROL NUMBER
control field 8801
003 - CONTROL NUMBER IDENTIFIER
control field FISKH
005 - DATE AND TIME OF LATEST TRANSACTION
control field 20251021121033.0
008 - FIXED-LENGTH DATA ELEMENTS--GENERAL INFORMATION
fixed length control field 251021b cb ||||| |||| 00| 0 eng d
020 ## - INTERNATIONAL STANDARD BOOK NUMBER
International Standard Book Number 9780194236270
040 ## - CATALOGING SOURCE
Original cataloging agency FISKH
Language of cataloging eng
Transcribing agency FISKH
Modifying agency FISKH
050 ## - LIBRARY OF CONGRESS CALL NUMBER
Classification number PE1126.A4 H37
082 ## - DEWEY DECIMAL CLASSIFICATION NUMBER
Classification number 551.41
100 ## - MAIN ENTRY--PERSONAL NAME
Personal name Hardy-Gould, Janet
245 ## - TITLE STATEMENT
Title Deserts /
Statement of responsibility, etc. By Janet Hardy-Gould
260 ## - PUBLICATION, DISTRIBUTION, ETC.
Place of publication, distribution, etc. Oxford :
Name of publisher, distributor, etc. Oxford University Press ,
Date of publication, distribution, etc. 2009.
300 ## - PHYSICAL DESCRIPTION
Extent 56 pages :
Other physical details color illustrations ;
Dimensions 21 cm .
490 ## - SERIES STATEMENT
Series statement Oxford Bookworms
520 ## - SUMMARY, ETC.
Summary, etc. This full-colour series presents engaging content about interesting places and subjects. Each title features colour photographs and a glossary to help with vocabulary comprehension. Exercises and suggestions for project work are also included. The books are graded at 400- to 1,400-wordvocabulary levels. Audio CDs or cassettes are available for select titles.<br/>
650 ## - SUBJECT ADDED ENTRY--TOPICAL TERM
Topical term or geographic name entry element Travel
Form subdivision Non-fiction
700 ## - ADDED ENTRY--PERSONAL NAME
Personal name Riddiford, Gareth
Relator term Illustrator
942 ## - ADDED ENTRY ELEMENTS (KOHA)
Source of classification or shelving scheme Dewey Decimal Classification
Koha item type Books
Suppress in OPAC No
Holdings
Withdrawn status Lost status Source of classification or shelving scheme Damaged status Not for loan Collection Home library Current library Shelving location Date acquired Total Checkouts Full call number Barcode Date last seen Price effective from Koha item type
    Dewey Decimal Classification     Non-Fiction Footprints International School Library Network Toul Tom Poung Campus Footprints International School Library Network Toul Tom Poung Campus TTP Secondary Non-Fiction Bookshelves 10/21/2025   HAR 551.41 PE1126.A4 H37 FIS00259 10/21/2025 10/21/2025 Books